[Event "Heusenstamm Schloss op"]
[Site "Heusenstamm"]
[Date "2023.11.26"]
[Round "6"]
[White "Koepke, Carolina"]
[Black "Kuckel, Michael"]
[Result "1-0"]
[WhiteElo "1482"]
[BlackElo "1634"]
[PlyCount "97"]
[EventDate "2023.11.23"]
[EventType "swiss"]
[EventRounds "7"]
[EventCountry "GER"]
[SourceTitle "CB50_2023"]
[SourceDate "2023.12.13"]
[SourceVersion "1"]
[SourceVersionDate "2023.12.13"]
[SourceQuality "1"]

1. d4 f5 2. Bf4 Nf6 3. Nf3 e6 4. e3 Be7 5. Bd3 0-0 6. 0-0 d5 7. c4 c6 8. Nc3 Ne4 9. Ne5 Nd7 10. Nxd7 Bxd7 11. f3 Nxc3 12. bxc3 g5 13. Bg3 Be8 14. Qc2 Bg6 15. c5 b5 16. a4 a6 17. Ra2 Qd7 18. Rfa1 Qb7 19. Be5 Kf7 20. Qb1 Bf6 21. Bg3 Kg7 22. Bd6 Rfe8 23. Kf2 Kf7 24. h3 Rg8 25. g4 fxg4 26. Bxg6+ Rxg6 27. fxg4 Bd8 28. axb5 cxb5 29. Kg2 Kg8 30. Rb2 Bc7 31. Bxc7 Qxc7 32. Rxb5 Rf8 33. Rb7 Rf2+ 34. Kxf2 Qh2+ 35. Ke1 Qg1+ 36. Kd2 Qg2+ 37. Kc1 Qg1+ 38. Kb2 Qxe3 39. Rxa6 Qe2+ 40. Qc2 Qxa6 41. Rb8+ Kg7 42. Rb6 Qa8 43. Qe2 Qc8 44. Qe5+ Kf7 45. c6 Rf6 46. c7 Rf2+ 47. Kb3 Rf1 48. Kc2 Rf2+ 49. Kd1 1-0

[Event "Frankfurt-chA"]
[Site "Frankfurt"]
[Date "2018.05.07"]
[Round "2"]
[White "Kuckel, Michael"]
[Black "Kuhn, Gerhard"]
[Result "0-1"]
[WhiteElo "1696"]
[BlackElo "1927"]
[PlyCount "82"]
[EventDate "2018.04.30"]
[EventType "swiss"]
[EventRounds "7"]
[EventCountry "GER"]
[SourceTitle "EXT 2019"]
[Source "ChessBase"]
[SourceDate "2018.10.10"]
[SourceVersion "1"]
[SourceVersionDate "2018.10.10"]
[SourceQuality "1"]

1. d4 Nf6 2. Nf3 g6 3. c4 Bg7 4. g3 d5 5. Bg2 0-0 6. Nbd2 Nc6 7. 0-0 h6 8. b3 e6 9. Bb2 Qe7 10. Ne5 Nxe5 11. dxe5 Nd7 12. Qc2 Nxe5 13. cxd5 exd5 14. Bxd5 c6 15. Bg2 Re8 16. Rae1 Be6 17. e4 Rad8 18. Rd1 Qc7 19. h3 Qb6 20. Nf3 Nxf3+ 21. Bxf3 Bxh3 22. Rfe1 Be6 23. Bxg7 Kxg7 24. Kg2 Rxd1 25. Rxd1 Rd8 26. Qc3+ Kh7 27. Rh1 Qd4 28. Qa5 Rd7 29. g4 b6 30. Qa6 Qf6 31. Qa3 Qf4 32. Qc1 Qxc1 33. Rxc1 c5 34. Rc2 Kg7 35. Be2 Kf6 36. f4 Rd4 37. Kf3 g5 38. Bc4 Bxc4 39. fxg5+ hxg5 40. Rxc4 Rxc4 41. bxc4 Ke5 0-1

[Event "Wiesbaden op 29th"]
[Site "Wiesbaden"]
[Date "2017.08.26"]
[Round "4"]
[White "Kuckel, Michael"]
[Black "Kolker, Vladislav"]
[Result "0-1"]
[WhiteElo "1728"]
[BlackElo "2044"]
[PlyCount "120"]
[EventDate "2017.08.24"]
[EventType "swiss"]
[EventRounds "7"]
[EventCountry "GER"]
[SourceTitle "CBM 180 Extra"]
[Source "ChessBase"]
[SourceDate "2017.10.06"]
[SourceVersion "1"]
[SourceVersionDate "2017.10.06"]
[SourceQuality "1"]

1. d4 Nf6 2. Nf3 g6 3. c4 Bg7 4. Nc3 0-0 5. e4 d6 6. Be2 Na6 7. 0-0 e5 8. dxe5 dxe5 9. Bg5 h6 10. Bh4 Qe8 11. Qd2 Kh7 12. h3 Nc5 13. Bxf6 Bxf6 14. Nd5 Bd8 15. Qe3 b6 16. b4 Nb7 17. Rad1 c6 18. Nc3 Bf6 19. Rd2 Qe7 20. b5 cxb5 21. Nd5 Qd6 22. Nxf6+ Qxf6 23. cxb5 Be6 24. Qc3 Nc5 25. Qxe5 Qxe5 26. Nxe5 Nxe4 27. Rc2 Nc5 28. Bf3 Rac8 29. Nc6 Rc7 30. Rd2 Bc4 31. Be2 Bxe2 32. Rxe2 a6 33. Nd4 Rd8 34. Nc6 Rd6 35. Nb4 axb5 36. Rfe1 Ne6 37. g3 Rc4 38. a3 Nd4 39. Re3 Re6 40. Kg2 Rxe3 41. Rxe3 Nc6 42. Nxc6 Rxc6 43. Rb3 Rc5 44. h4 Kg7 45. Kf3 Kf6 46. Ke3 Ke5 47. f3 Kd5 48. Rd3+ Kc6 49. Rb3 Rc4 50. Kd3 Kc5 51. Rb2 b4 52. axb4+ Rxb4 53. Rc2+ Kd5 54. Rc3 b5 55. Ra3 Ra4 56. Rb3 b4 57. Kc2 Kc4 58. Re3 Ra2+ 59. Kb1 Ra3 60. Re4+ Kd5 0-1